000 00469nam a2200169Ia 4500
005 20250424120254.0
008 250424s9999 xx 000 0 und d
022 _a15963284
050 _aHF 5001 .J583/
245 0 _aJournal of business administration
260 _aABU, Zaria
260 _bDepartment of Business Administration
260 _c2005
300 _aiii. , 128 p. ; 25 cm.
650 _aBusiness--Periodicals. Management--Periodicals.
942 _cSR
999 _c38362
_d38362